| 000 -LEADER |
| fixed length control field |
01428cam a2200361 4500 |
| 001 - CONTROL NUMBER |
| control field |
322908 |
| 003 - CONTROL NUMBER IDENTIFIER |
| control field |
Nust |
| 005 - DATE AND TIME OF LATEST TRANSACTION |
| control field |
20170324121953.0 |
| 008 - FIXED-LENGTH DATA ELEMENTS--GENERAL INFORMATION |
| fixed length control field |
741211r19701858enk 000 0 eng |
| 010 ## - LIBRARY OF CONGRESS CONTROL NUMBER |
| LC control number |
74189918 |
| 015 ## - NATIONAL BIBLIOGRAPHY NUMBER |
| National bibliography number |
GB71-21069 |
| 020 ## - INTERNATIONAL STANDARD BOOK NUMBER |
| International Standard Book Number |
9781853260957 |
| 040 ## - CATALOGING SOURCE |
| Original cataloging agency |
DLC |
| Transcribing agency |
DLC |
| Modifying agency |
DLC |
| 050 00 - LIBRARY OF CONGRESS CALL NUMBER |
| Classification number |
PR2819.A2 |
| Item number |
K4 1858a |
| 082 00 - DEWEY DECIMAL CLASSIFICATION NUMBER |
| Classification number |
822.33 |
| Author Mark |
SHA |
| 100 1# - MAIN ENTRY--PERSONAL NAME |
| Personal name |
Shakespeare, William, |
| Dates associated with a name |
1564-1616. |
| 240 10 - UNIFORM TITLE |
| Uniform title |
King Lear. |
| Date of a work |
1970 |
| 245 10 - TITLE STATEMENT |
| Title |
King Lear, |
| Statement of responsibility, etc. |
[by William Shakespeare, arranged for representation at the Princess's Theatre with historical and explanatory notes by] Charles Kean. |
| 260 ## - PUBLICATION, DISTRIBUTION, ETC. |
| Place of publication, distribution, etc. |
London, |
| Name of publisher, distributor, etc. |
Cornmarket Press, |
| Date of publication, distribution, etc. |
1970. |
| 300 ## - PHYSICAL DESCRIPTION |
| Extent |
170 p. |
| Dimensions |
20 cm. |
| 350 ## - PRICE (NR) (BK AM CF MU VM SE) [OBSOLETE] |
| Price |
£180.00 for the 50-volume Shakespeare series (2nd series) |
| 500 ## - GENERAL NOTE |
| General note |
Facsim. of 1st ed, of this adaptation London; printed by J. K. Chapman, (1858) |
| 500 ## - GENERAL NOTE |
| General note |
"Reprinted from the copy in the Birmingham Shakespeare Library, shelf mark: S332.1858." |
| 600 00 - SUBJECT ADDED ENTRY--PERSONAL NAME |
| Personal name |
Lear, |
| Titles and other words associated with a name |
King of England (Legendary character) |
| Form subdivision |
Drama. |
| 650 #0 - SUBJECT ADDED ENTRY--TOPICAL TERM |
| Topical term or geographic name entry element |
Inheritance and succession |
| Form subdivision |
Drama. |
| 650 #0 - SUBJECT ADDED ENTRY--TOPICAL TERM |
| Topical term or geographic name entry element |
Fathers and daughters |
| Form subdivision |
Drama. |
| 650 #0 - SUBJECT ADDED ENTRY--TOPICAL TERM |
| Topical term or geographic name entry element |
Kings and rulers |
| Form subdivision |
Drama. |
| 650 #0 - SUBJECT ADDED ENTRY--TOPICAL TERM |
| Topical term or geographic name entry element |
Aging parents |
| Form subdivision |
Drama. |
| 650 #0 - SUBJECT ADDED ENTRY--TOPICAL TERM |
| Topical term or geographic name entry element |
Britons |
| Form subdivision |
Drama. |
| 655 #7 - INDEX TERM--GENRE/FORM |
| Genre/form data or focus term |
Tragedies. |
| Source of term |
gsafd |
| 700 1# - ADDED ENTRY--PERSONAL NAME |
| Personal name |
Kean, Charles John, |
| Dates associated with a name |
1811?-1868, |
| Relator term |
ed. |
| 906 ## - LOCAL DATA ELEMENT F, LDF (RLIN) |
| a |
7 |
| b |
cbc |
| c |
orignew |
| d |
3 |
| e |
ncip |
| f |
19 |
| g |
y-gencatlg |
| 942 ## - ADDED ENTRY ELEMENTS (KOHA) |
| Source of classification or shelving scheme |
|
| Koha item type |
Book |